000 00339nam a22001217a 4500
008 141118b xxu||||| |||| 00| 0 eng d
050 _aPZ3.P 1425 V4 1923
100 _aPage, Getrude
_912732
245 _aThe veldt trail
_cGetrude Page
260 _aLondon
_bCassell and Company, LTD
_c1923
300 _a314p. :
942 _2lcc
_cMONOGRAPH
999 _c121273
_d121273